Fundamentals of Electron Devices / (Record no. 3053)
[ view plain ]
| 000 -LEADER | |
|---|---|
| fixed length control field | 00802nac a22002171u 4500 |
| 010 ## - LIBRARY OF CONGRESS CONTROL NUMBER | |
| LC control number | 003455946 |
| 082 ## - DEWEY DECIMAL CLASSIFICATION NUMBER | |
| Classification number | 621.381 |
| Item number | Sp23 |
| 090 ## - LOCALLY ASSIGNED LC-TYPE CALL NUMBER (OCLC); LOCAL CALL NUMBER (OCLC) | |
| -- | 3053 |
| -- | 3053 |
| 100 ## - MAIN ENTRY--PERSONAL NAME | |
| Personal name | SPANGENBERG, Karl Rudo |
| 245 ## - TITLE STATEMENT | |
| Title | Fundamentals of Electron Devices / |
| Remainder of title | Karl Rudolph. SPANGENBERG. |
| 260 ## - PUBLICATION, DISTRIBUTION, ETC. (IMPRINT) | |
| Place of publication, distribution, etc | New York: c.1957. |
| Name of publisher, distributor, etc | McGraw-Hill Book Co, |
| Date of publication, distribution, etc | c.1957. |
| 300 ## - PHYSICAL DESCRIPTION | |
| Extent | 505p: |
| Other physical details | ill; |
| Dimensions | 25cm. |
| 490 ## - Series Statement | |
| Series statement | ( [McGraw-Hill Electrical and Electronic Engineering Series.]) |
| 500 ## - GENERAL NOTE | |
| General note | Donations . |
| 500 ## - GENERAL NOTE | |
| General note | Donations - Dr. Mostafa Gouda. |
| 504 ## - BIBLIOGRAPHY, ETC. NOTE | |
| Bibliography, etc | Including Index. |
| 650 ## - SUBJECT ADDED ENTRY--TOPICAL TERM | |
| Topical term or geographic name as entry element | electron devices . |
| 700 ## - ADDED ENTRY--PERSONAL NAME | |
| Personal name | SPANGENBERG, Karl Rudolph. |
| 942 ## - ADDED ENTRY ELEMENTS (KOHA) | |
| Item type | Book - Borrowing |
| Call number prefix | 621.381 Sp23 |
| Withdrawn status | Item status | Damaged status | Not for loan | Home library | Current library | Shelving location | Date acquired | Source of acquisition | Total Checkouts | Full call number | Barcode | Date last seen | Koha item type |
|---|---|---|---|---|---|---|---|---|---|---|---|---|---|
| Central Library | Central Library | First floor | 19/03/2007 | Purchase | 621.381 SPA | 000001111 | 15/07/2025 | Book - Borrowing |